Tercera assamblea general de societats económiques espanyoles d'amics del país : reglament, conclusions / Societat Económica Barcelonesa d'Amics del País. reglament, conclusions / Societat Económica Barcelonesa d'Amics del País.
Descripción Física:
70 p. ; 23 cm
MARC
| LEADER | 00000nam a2200000Ia 4500 | ||
|---|---|---|---|
| 001 | 15885 | ||
| 008 | 160829s1912 xx 000 0 cat d | ||
| 080 | |a M-4-347 | ||
| 110 | 2 | |a Societat Econòmica Barcelonesa d'Amics del País |9 53272 | |
| 245 | |a Tercera assamblea general de societats económiques espanyoles d'amics del país : |b reglament, conclusions / Societat Económica Barcelonesa d'Amics del País. | ||
| 260 | |a [Barcelona : |b Societat Económica Barcelonesa d'Amics del País], |c 1912 | ||
| 300 | |a 70 p. ; |c 23 cm | ||
| 590 | |a Conté un full solt amb una carta del president de la societat. | ||
| 590 | |a Prové de OP-3474 | ||
| 650 | 0 | |a Societat Económica Barcelonesa d'Amics del País |x Estatuts |9 46760 | |
| 901 | |a Arxiu | ||
| 942 | |n 1 | ||
| 952 | |0 0 |1 0 |4 0 |6 M4347 |7 1 |9 53430 |a Arxiu |b Arxiu |d 2016-12-01 |l 0 |o M-4-347 |p 15885 |r 2016-12-01 00:00:00 |w 2016-12-01 |y ARXIU | ||
| 999 | |c 57296 |d 57296 | ||